Most densely populated cities in North America - Statistics

General Stats
  • This quiz has been taken 3 times
  • The average score is 10 of 50
Answer Stats
Country Density (km²) Population City % Correct
Mexico 10,246 1,465,101 Guadalajara
100%
Guatemala 7,327 1,488,470 Guatemala City
100%
Mexico 11,303 10,053,990 México City
100%
USA 11,059 8,603,451 New York City
100%
Haiti 14,344 1,836,156 Port-au-Prince
100%
El Salvador 9,847 718,906 San Salvador
100%
Dominican Republic 10,557 1,108,560 Santo Domingo
100%
Mexico 10,072 419,558 Oaxaca
67%
Costa Rica 8,151 362,694 San José
67%
Mexico 7,411 1,058,445 Acapulco
33%
Mexico 7,993 1,008,240 Aguascalientes
33%
Mexico 7,904 308,285 Juárez
33%
Mexico 8,784 1,809,643 Puebla
33%
Haiti 8,175 449,663 Cap-Haïtien
0%
Haiti 13,582 706,249 Carrefour
0%
Mexico 15,387 400,057 Chalco de Díaz Covarrubias
0%
Mexico 7,702 347,031 Chetumal
0%
Mexico 16,028 705,193 Chimalhuacán
0%
Honduras 8,532 264,505 Choloma
0%
Mexico 7,336 660,098 Ciudad Apodaca
0%
Mexico 9,172 293,444 Coacalco
0%
Mexico 7,825 328,705 Coatzacoalcos
0%
Mexico 10,159 253,978 Córdoba
0%
Haiti 25,310 341,064 Croix-des-Bouquets
0%
Mexico 13,007 1,686,145 Ecatepec de Morelos
0%
Haiti 8,709 417,306 Gonaïves
0%
Mexico 13,396 833,651 Heroica Veracruz
0%
Mexico 7,673 322,271 Ixtapaluca
0%
Mexico 7,633 290,073 Minatitlán
0%
Mexico 12,181 896,511 Naucalpan
0%
Mexico 18,495 1,126,448 Nezahualcóyotl
0%
Mexico 9,594 364,579 Ojo de Agua
0%
Haiti 9,161 320,055 Port-de-Paix
0%
Haiti 8,170 252,816 Saint-Marc
0%
Panama 8,073 403,652 San Miguelito
0%
Mexico 7,419 445,116 San Nicolás
0%
Mexico 7,492 1,093,706 Santiago de Querétaro
0%
Dominican Republic 9,052 1,167,264 Santo Domingo Este
0%
Dominican Republic 8,489 466,938 Santo Domingo Oeste
0%
Mexico 7,591 334,010 Soledad de Graciano Sánchez
0%
El Salvador 7,779 350,109 Soyapango
0%
Mexico 9,912 275,430 Tehuacán
0%
Mexico 8,730 672,202 Tlalnepantla de Baz
0%
Mexico 8,442 692,224 Tlaquepaque
0%
Mexico 8,794 255,011 Toluca
0%
Mexico 11,625 606,027 Tonalá
0%
Mexico 8,140 366,290 Uruapan
0%
Mexico 11,452 684,159 Xalapa
0%
Mexico 13,053 417,645 Xico
0%
Mexico 7,741 1,515,960 Zapopan
0%
No matching quizzes found
Score Distribution
Percent of People with Each Score
Percentile by Number Answered
Your Score History
You have not taken this quiz